Clubs de football commençant par S - Statistiques

Statistiques générales
  • Ce quiz a été pris 423 fois
    285 depuis la dernière actualisation
  • Le résultat moyen est 14 sur 20
Statistiques - réponses
Par images Réponse % Correct
Séville FC
99%
Saint-Étienne
97%
Strasbourg
97%
Stade Rennais
96%
Sassuolo
86%
Southampton
86%
Santos
84%
Sampdoria
82%
Stoke City
77%
Sunderland
73%
Servette FC
69%
São Paulo FC
67%
Sheffield United
65%
Sparta Prague
63%
Salernitana
60%
Sheriff Tiraspol
58%
Seattle Sounders
48%
Sedan
44%
Séoul
28%
San Lorenzo
21%
Aucun quiz correspondant
Distribution des résultats
% des personnes avec chaque résultat
Percentile par nombre de réponses
Votre historique - résultats
Vous n’avez pas pris ce quiz depuis la dernière actualisation